000 00554nam a2200229Ia 4500
003 OSt
005 20220918200736.0
006 a|||||r|||| 00| 0
007 ta
008 220917b |||||||| |||| 00| 0 eng d
024 _a90,087
037 _cTextual
040 _aARTS
_cARTS
_beng
041 _2eng
_aeng
082 _aU8:491:N5, J6
100 _aJones Paul S
_995373
245 0 _aAfghanistan venture
260 _c1956
650 _aGEOGRAPHY
942 _hU8:491:N5, J6
_cTEXL
_2CC
999 _c213756
_d213756